000 00363 a2200169 4500
001 50449
020 _a8526235664
040 _cAnchieta - Bela Vista
100 _aBraga, Edson Rocha
240 1 0 _aSimbá, o marujo
_lpor
245 1 0 _aSimbá, o marujo
300 _a45
362 0 _a1998
440 1 _aScipione
650 4 _aLiteratura juvenil
942 _cBK
999 _c50449
_d50449